Islamische Numismatik in Deutschland : eine Bestandsaufnahme /

محفوظ في:

مؤلفون آخرون: Heidemann, Stefan.

التنسيق: كتاب

اللغة: German

منشور في: Wiesbaden : Harrassowitz, 2000.

سلاسل: Jenaer Bietrage zum Vorderen Orient ; 2.

الموضوعات:

الوسوم: إضافة وسم

لا توجد وسوم, كن أول من يضع وسما على هذه التسجيلة!

رقم الطلب: CJ3412 .I853 2000

LEADER 00924namaa2200289 4500
001 22099
003 OSt
005 20251109113551.0
008 130303s2000 gw a b 000 0 ger d
010 |a 00405470 
020 |a 3447042699 
040 |c ARCE Library 
043 |a e-gx--- 
050 4 |a CJ3412 .I853 2000 
245 1 0 |a Islamische Numismatik in Deutschland :   |b eine Bestandsaufnahme /   |c herausgegeben von Stefan Heidemann. 
264 1 |a Wiesbaden :   |b Harrassowitz,   |c 2000. 
300 |a viii, 162 pages :  |b illustrations ;  |c 24 cm. 
490 1 |a Jenaer Bietrage zum Vorderen Orient ;  |v 2. 
504 |a Bibliography : pages [139]-162. 
555 |a Sara.lib 
650 0 |a Islamic coins  |x Collectors and collecting  |z Germany. 
650 0 |a Islamic numismatics. 
700 1 |a Heidemann, Stefan.  |9 31856 
830 0 |a Jenaer Bietrage zum Vorderen Orient ;  |v 2. 
901 |a reviewed 
942 |c BK  |2 lcc 
999 |c 20703  |d 20703